Statystyki dla grandsy S1 CH5

Kliknij tutaj aby rozwiązać quiz!

Ogólne statystyki

  • Ten quiz został rozwiązany 9 razy
  • Średni wynik to 30 z 50

Statystyki odpowiedzi

Odpowiedź% Poprawnych
Vadeal rezon ay
100%
g13ras charry
80%
JannisZ Flickzy
80%
L0WK3YILD Aryan
80%
Merstach Malibuca
80%
Mongraal MrSavage
80%
p1ng mikson
80%
Pixel DABUEL
80%
Purchawa Vexi
80%
Queasy Th0masHD
80%
Setty Kami
80%
SwizzY Putrick
80%
Veno TaySon
80%
vic0 Pinq
80%
Volko Vortexers
80%
Wheat Shamokiy
80%
Wox Pixie
80%
Andilex Seyyto
60%
Artskill Astral
60%
Belusi Gabix
60%
Darky DarKIizZ
60%
Dаndiř SnozQ
60%
dyox Kayd
60%
fazerkamΣ44 K1nG
60%
Grolzz Klown
60%
Hen Vaske
60%
Kiro kiduoo
60%
Layn nayte
60%
Misha t3eny
60%
Nebs IDrop
60%
Noahreyli Aqua
60%
PabloWingu bevvys
60%
skydeun shaykoz
60%
Sky Scroll
60%
Cringe Nomzz
40%
Czb Nxthan
40%
Deckzee Eclipse
40%
Hris Skvii
40%
Lunex M0ne
40%
Medax Robin
40%
MikL CHEQZIE
40%
Predagemon AyarBaffo
40%
Ricbor Arc
40%
Robban Axeforce
40%
S1neD Vanyak3kk
40%
Sangild MariusCOW
40%
Tjino 23 Chapix
40%
Laizen Loxxx
20%
SLOXZAY 937 Saphir
20%
Prism Casperinovic
0%

Rozkład punktacji

Percentyl według liczby udzielonych odpowiedzi

Procent ludzi z każdym wynikiem

Twoja historia wyników

Nie rozwiązałeś tego quizu